[Event "Lloyds Bank Masters 14th"]
[Site "London"]
[Date "1990.08.21"]
[Round "4"]
[White "Summermatter, Daniel"]
[Black "Smagin, Sergey"]
[Result "0-1"]
[WhiteElo "2305"]
[BlackElo "2550"]
[PlyCount "118"]
[EventDate "1990.08.18"]
[EventType "swiss"]
[EventRounds "10"]
[EventCountry "ENG"]
[SourceTitle "BritBase"]
[Source "John Saunders"]
[SourceDate "2023.05.21"]
[SourceVersion "1"]
[SourceVersionDate "2023.05.21"]
[SourceQuality "1"]

1. d4 Nf6 2. c4 e6 3. g3 c5 4. Nf3 cxd4 5. Nxd4 Bb4+ 6. Bd2 Qb6 7. Bg2 Bc5 8.
Bc3 e5 9. Nc2 Bxf2+ 10. Kf1 Ng4 11. Nd2 f5 12. b4 O-O 13. Bd5+ Kh8 14. Kg2 d6
15. c5 dxc5 16. Nc4 Qd8 17. Nxe5 Bd4 18. Nf7+ Rxf7 19. Bxf7 Nf2 20. Qe1 Nxh1
21. Kxh1 Nc6 22. bxc5 Bxc5 23. Rd1 Qe7 24. Bd5 Bd7 25. Ba1 Rd8 26. Bf3 Be6 27.
Rxd8+ Qxd8 28. Qc1 Bd5 29. Ne3 Bxf3+ 30. exf3 Bxe3 31. Qxe3 Qe7 32. Qc3 Kg8 33.
Kg1 h6 34. Kf2 Qd7 35. h4 h5 36. Ke3 Qf7 37. Kf4 Ne7 38. Qb3 Nd5+ 39. Ke5 Qf6+
40. Kxd5 Qxa1 41. Kd6+ Kh7 42. Qd5 Qf6+ 43. Kc7 b6 44. Kb8 a6 45. Kb7 b5 46. f4
b4 47. Qc5 Qe6 48. Qe5 Qg6 49. Qd5 Qxg3 50. Qxf5+ Qg6 51. Qe5 a5 52. Qxa5 Qf7+
53. Kc8 Qe8+ 54. Kb7 Qe7+ 55. Kb8 Qxh4 56. Qxb4 Qd8+ 57. Kb7 Qd7+ 58. Kb6 Qe6+
59. Kb5 Qe8+ 0-1

[Event "Lloyds Bank Masters 14th"]
[Site "London"]
[Date "1990.08.21"]
[Round "4"]
[White "Timoshchenko, Gennadi A"]
[Black "Fatin, Tarek"]
[Result "1-0"]
[WhiteElo "2495"]
[BlackElo "2375"]
[PlyCount "80"]
[EventDate "1990.08.18"]
[EventType "swiss"]
[EventRounds "10"]
[EventCountry "ENG"]
[SourceTitle "BritBase"]
[Source "John Saunders"]
[SourceDate "2023.05.21"]
[SourceVersion "1"]
[SourceVersionDate "2023.05.21"]
[SourceQuality "1"]

1. d4 Nf6 2. c4 e6 3. Nf3 b6 4. g3 Bb7 5. Bg2 Bb4+ 6. Bd2 Be7 7. Nc3 O-O 8. Qc2
Bb4 9. O-O d6 10. Rfe1 Bxc3 11. Bxc3 Be4 12. Qd2 Nbd7 13. Qf4 Re8 14. Bh3 h6
15. Ne5 dxe5 16. dxe5 g5 17. Qe3 Bf5 18. exf6 Bxh3 19. f4 Qc8 20. fxg5 Qb7 21.
Qf2 Qe4 22. Rad1 e5 23. gxh6 Nxf6 24. Rd3 Ng4 25. Qf3 Qxf3 26. exf3 e4 27. fxe4
Kh7 28. Rd5 Nxh6 29. Rh5 Bg4 30. Rh4 Rad8 31. h3 Bf3 32. Rf4 Rd3 33. Kf2 Bd1
34. g4 Rg8 35. Re3 Rxe3 36. Kxe3 Ba4 37. Bf6 Re8 38. Bc3 Kg6 39. Rf6+ Kh7 40.
b3 Bd7 {time} 1-0

[Event "Lloyds Bank Masters 14th"]
[Site "London"]
[Date "1990.08.21"]
[Round "4"]
[White "Houston, David"]
[Black "Cullip, Stephen"]
[Result "0-1"]
[WhiteElo "2225"]
[BlackElo "2270"]
[PlyCount "84"]
[EventDate "1990.08.18"]
[EventType "swiss"]
[EventRounds "10"]
[EventCountry "ENG"]
[SourceTitle "BritBase"]
[Source "John Saunders"]
[SourceDate "2023.05.21"]
[SourceVersion "1"]
[SourceVersionDate "2023.05.21"]
[SourceQuality "1"]

1. e4 c5 2. Nf3 e6 3. d4 cxd4 4. c3 dxc3 5. Nxc3 Ne7 6. Bg5 f6 7. Be3 Ng6 8.
Bc4 Bb4 9. O-O Bxc3 10. bxc3 Qe7 11. Nd4 O-O 12. f4 Kh8 13. Rf3 d5 14. Bb3 dxe4
15. Rh3 Rd8 16. Qh5 Nf8 17. f5 exf5 18. Nxf5 Bxf5 19. Qxf5 Nc6 20. Bf4 g6 21.
Qb5 g5 22. Be3 Rd7 23. Rf1 Rad8 24. Qf5 Kg7 25. Bc5 Qe5 26. Bxf8+ Kxf8 27.
Qxf6+ Qxf6 28. Rxf6+ Kg7 29. Re6 Rd3 30. Rxe4 Rxh3 31. gxh3 Rd3 32. h4 h6 33.
hxg5 hxg5 34. Rc4 Rd2 35. h4 Ne5 36. Rc7+ Kg6 37. hxg5 Kxg5 38. Rxb7 a5 39. Rb5
Kf4 40. Bd5 a4 41. Rb4+ Kg3 42. Rd4 Nd3 {Source: David Houston via David
McAlister. Contributed, 22 July 2021} 0-1

[Event "Lloyds Bank Masters 14th"]
[Site "London"]
[Date "1990.08.21"]
[Round "4"]
[White "Chandler, Murray G"]
[Black "Wojtkiewicz, Aleksander"]
[Result "1-0"]
[WhiteElo "2585"]
[BlackElo "2550"]
[PlyCount "71"]
[EventDate "1990.08.18"]
[EventType "swiss"]
[EventRounds "10"]
[EventCountry "ENG"]
[SourceTitle "BritBase"]
[Source "John Saunders"]
[SourceDate "2023.05.21"]
[SourceVersion "1"]
[SourceVersionDate "2023.05.21"]
[SourceQuality "1"]

1. e4 c5 2. Nf3 d6 3. d4 cxd4 4. Nxd4 Nf6 5. Nc3 a6 6. f4 e6 7. Qf3 Qb6 8. Nb3
Qc7 9. a4 b6 10. Bd3 Bb7 11. O-O Nbd7 12. Bd2 Be7 13. Rae1 O-O 14. Qh3 Rad8 15.
Kh1 Rfe8 16. Nd1 Bf8 17. Bc3 e5 18. fxe5 dxe5 19. Qf3 Nc5 20. Nxc5 Bxc5 21. Ne3
Bd4 22. Bd2 Bxb2 23. Nf5 Re6 24. Bg5 Rdd6 25. Nxd6 Rxd6 26. Qe2 Bc3 27. Rd1 a5
28. Bxf6 gxf6 29. Bc4 Bd4 30. Bb3 Kf8 31. h3 Bc8 32. Qh5 Kg7 33. Rd3 Ba6 34.
Rg3+ Kf8 35. Qh6+ Ke7 36. Rg8 1-0

[Event "Lloyds Bank Masters 14th"]
[Site "London"]
[Date "1990.08.21"]
[Round "4"]
[White "Coleman, David J"]
[Black "Soltis, Andrew E"]
[Result "0-1"]
[WhiteElo "2235"]
[BlackElo "2400"]
[PlyCount "78"]
[EventDate "1990.08.18"]
[EventType "swiss"]
[EventRounds "10"]
[EventCountry "ENG"]
[SourceTitle "BritBase"]
[Source "John Saunders"]
[SourceDate "2023.05.21"]
[SourceVersion "1"]
[SourceVersionDate "2023.05.21"]
[SourceQuality "1"]

1. e4 d5 2. exd5 Qxd5 3. Nc3 Qa5 4. d4 Nf6 5. Nf3 c6 6. Bc4 Bf5 7. Bd2 e6 8.
Qe2 Bb4 9. O-O-O Nbd7 10. a3 Bxc3 11. Bxc3 Qc7 12. Ne5 O-O 13. f3 b5 14. Bb3
Nd5 15. Bxd5 exd5 16. g4 Be6 17. f4 Nxe5 18. dxe5 c5 19. Qxb5 d4 20. Ba5 Qc8
21. f5 Bd5 22. Rhf1 Rb8 23. Qd3 Qb7 24. b4 Be4 25. Qe2 Rfc8 26. Rde1 Bxc2 27.
b5 d3 28. Qe3 Qxb5 29. Bc3 Qc4 30. Kd2 Rb3 31. Ba1 Rxa3 32. Qe4 Qa2 33. Qb7 Rf8
34. Qb2 Qxb2 35. Bxb2 Ra2 36. Bc3 Ba4+ 37. Ke3 Bb5 38. Ra1 Re2+ 39. Kf4 a6 {
Source: Andrew Soltis; contributed by Andy Ansel, 28 May 2023} 0-1

[Event "Lloyds Bank Masters 14th"]
[Site "London"]
[Date "1990.08.22"]
[Round "5"]
[White "Cullip, Stephen"]
[Black "Ginsburg, Mark"]
[Result "1-0"]
[WhiteElo "2270"]
[BlackElo "2420"]
[PlyCount "79"]
[EventDate "1990.08.18"]
[EventType "swiss"]
[EventRounds "10"]
[EventCountry "ENG"]
[SourceTitle "BritBase"]
[Source "John Saunders"]
[SourceDate "2023.05.21"]
[SourceVersion "1"]
[SourceVersionDate "2023.05.21"]
[SourceQuality "1"]

1. e4 c5 2. Nf3 e6 3. d4 cxd4 4. Nxd4 a6 5. Bd3 Nf6 6. O-O d6 7. Be3 Be7 8. f4
Nc6 9. Nc3 Nxd4 10. Bxd4 e5 11. fxe5 dxe5 12. Bxe5 Ng4 13. Bf4 Bc5+ 14. Kh1
Nf2+ 15. Rxf2 Bxf2 16. Qf3 Bd4 17. Nd5 O-O 18. c3 Bc5 19. Qg3 f6 20. b4 Bb6 21.
Bd6 Bf2 22. Qf4 g5 23. Bxf8 gxf4 24. Be7 Be6 25. Nxf6+ Kf7 26. Bxd8 Rxd8 27.
Nd5 Bxd5 28. exd5 Kf6 29. c4 Ke5 30. Bxh7 Kd4 31. Rc1 Be3 32. Rc2 Rh8 33. Bf5
Rf8 34. Bh7 a5 35. bxa5 Ra8 36. d6 Ke5 37. c5 Kd5 38. d7 Ke6 39. a6 Kxd7 40.
axb7 1-0

[Event "Lloyds Bank Masters 14th"]
[Site "London"]
[Date "1990.08.22"]
[Round "5"]
[White "Fedorowicz, John P"]
[Black "Relange, Eloi"]
[Result "1-0"]
[WhiteElo "2565"]
[BlackElo "2280"]
[PlyCount "67"]
[EventDate "1990.08.18"]
[EventType "swiss"]
[EventRounds "10"]
[EventCountry "ENG"]
[SourceTitle "BritBase"]
[Source "John Saunders"]
[SourceDate "2023.05.21"]
[SourceVersion "1"]
[SourceVersionDate "2023.05.21"]
[SourceQuality "1"]

1. d4 Nf6 2. c4 g6 3. Nc3 Bg7 4. e4 d6 5. Be2 O-O 6. Bg5 Nbd7 7. Qd2 c6 8. Nf3
e5 9. O-O Qb6 10. Rad1 Re8 11. d5 cxd5 12. cxd5 Nc5 13. Qc2 Bd7 14. Nd2 a5 15.
Qb1 Rec8 16. Nc4 Qc7 17. f4 Ng4 18. Be7 b5 19. Nxd6 Ne3 20. Nxc8 Rxc8 21. d6
Qb6 22. Kh1 Nxf1 23. Rxf1 exf4 24. Nd5 Qc6 25. Bf3 Be6 26. Nxf4 Be5 27. Nxe6
Nxe6 28. Qd3 Qd7 29. Bg4 Rc4 30. Qd5 Bxb2 31. h3 Bg7 32. a4 Rc8 33. Bxe6 fxe6
34. Qxb5 1-0

[Event "Lloyds Bank Masters 14th"]
[Site "London"]
[Date "1990.08.22"]
[Round "5"]
[White "Flear, Glenn C"]
[Black "Howell, James C"]
[Result "0-1"]
[WhiteElo "2485"]
[BlackElo "2415"]
[PlyCount "100"]
[EventDate "1990.08.18"]
[EventType "swiss"]
[EventRounds "10"]
[EventCountry "ENG"]
[SourceTitle "BritBase"]
[Source "John Saunders"]
[SourceDate "2023.05.21"]
[SourceVersion "1"]
[SourceVersionDate "2023.05.21"]
[SourceQuality "1"]

1. d4 Nf6 2. c4 g6 3. Nc3 Bg7 4. e4 d6 5. Be2 O-O 6. Nf3 e5 7. O-O Nc6 8. d5
Ne7 9. Nd2 a5 10. a3 Nd7 11. Rb1 f5 12. b4 axb4 13. axb4 Nf6 14. f3 g5 15. exf5
Nxf5 16. Nde4 h6 17. Nxf6+ Qxf6 18. Ne4 Qe7 19. Bd3 Bd7 20. Bd2 Ra3 21. Bc1
Raa8 22. Qe1 Qf7 23. Bb2 b5 24. Qf2 Rfb8 25. Ra1 Rxa1 26. Rxa1 bxc4 27. Bxc4
Rxb4 28. Ra8+ Bf8 29. Ba2 Kg7 30. Bc3 Ra4 31. Rxa4 Bxa4 32. g3 Kh7 33. f4 gxf4
34. gxf4 Bg7 35. fxe5 Bxe5 36. Bxe5 dxe5 37. Bb1 Kh8 38. Nc5 Qg6+ 39. Qg2 Qb6
40. Bxf5 Qxc5+ 41. Kh1 Qc1+ 42. Qg1 Qxg1+ 43. Kxg1 Kg7 44. Kf2 Kf6 45. Be4 Ke7
46. Kg3 Kd6 47. Kg4 Bb3 48. Kh5 Bxd5 49. Bc2 Bf3+ 50. Kxh6 e4 0-1

[Event "Lloyds Bank Masters 14th"]
[Site "London"]
[Date "1990.08.22"]
[Round "5"]
[White "Janjgava, Lasha"]
[Black "Lalic, Susan Kathryn"]
[Result "1-0"]
[WhiteElo "2470"]
[BlackElo "2270"]
[PlyCount "41"]
[EventDate "1990.08.18"]
[EventType "swiss"]
[EventRounds "10"]
[EventCountry "ENG"]
[SourceTitle "BritBase"]
[Source "John Saunders"]
[SourceDate "2023.05.21"]
[SourceVersion "1"]
[SourceVersionDate "2023.05.21"]
[SourceQuality "1"]

1. d4 Nf6 2. c4 e6 3. Nc3 Bb4 4. Qc2 O-O 5. a3 Bxc3+ 6. Qxc3 b5 7. cxb5 c6 8.
f3 Nd5 9. Qd3 f5 10. e4 Nc7 11. Nh3 cxb5 12. Bg5 Qe8 13. Bf4 fxe4 14. fxe4 Qd8
15. Qg3 Nba6 16. Bd3 Ne8 17. O-O Nf6 18. Bd6 Re8 19. e5 Nd5 20. Ng5 g6 21. Nxh7
1-0

[Event "Lloyds Bank Masters 14th"]
[Site "London"]
[Date "1990.08.22"]
[Round "5"]
[White "Kumaran, Dharshan"]
[Black "Murshed, Niaz"]
[Result "0-1"]
[WhiteElo "2245"]
[BlackElo "2465"]
[PlyCount "70"]
[EventDate "1990.08.18"]
[EventType "swiss"]
[EventRounds "10"]
[EventCountry "ENG"]
[SourceTitle "BritBase"]
[Source "John Saunders"]
[SourceDate "2023.05.21"]
[SourceVersion "1"]
[SourceVersionDate "2023.05.21"]
[SourceQuality "1"]

1. d4 d5 2. c4 dxc4 3. e4 Nc6 4. d5 Ne5 5. Bf4 Ng6 6. Bg3 e5 7. Bxc4 Nf6 8. Nc3
Bd6 9. Bb5+ Kf8 10. Nf3 a6 11. Be2 Nh5 12. Nd2 Nhf4 13. Bxf4 exf4 14. Nf3 Ne5
15. Qd2 Nxf3+ 16. Bxf3 Be5 17. O-O-O Qf6 18. Kb1 g6 19. Ne2 Kg7 20. Nc1 Bd7 21.
Nd3 Rae8 22. Nxe5 Rxe5 23. Qb4 Ree8 24. Rd2 g5 25. Qxb7 g4 26. Qxc7 gxf3 27.
Qxd7 fxg2 28. Rg1 f3 29. Qg4+ Qg6 30. Qxg6+ hxg6 31. d6 Rxh2 32. Rdd1 Reh8 33.
Kc2 Rh1 34. e5 Rxg1 35. Rxg1 Kf8 0-1

[Event "Lloyds Bank Masters 14th"]
[Site "London"]
[Date "1990.08.22"]
[Round "5"]
[White "Levitt, Jonathan P"]
[Black "Madl, Ildiko"]
[Result "1-0"]
[WhiteElo "2455"]
[BlackElo "2375"]
[PlyCount "53"]
[EventDate "1990.08.18"]
[EventType "swiss"]
[EventRounds "10"]
[EventCountry "ENG"]
[SourceTitle "BritBase"]
[Source "John Saunders"]
[SourceDate "2023.05.21"]
[SourceVersion "1"]
[SourceVersionDate "2023.05.21"]
[SourceQuality "1"]

1. d4 Nf6 2. c4 e6 3. Nc3 Bb4 4. e3 Nc6 5. Bd3 e5 6. Nge2 d5 7. cxd5 Nxd5 8. e4
Nb6 9. a3 exd4 10. axb4 dxc3 11. bxc3 Ne5 12. Nd4 O-O 13. Bc2 Qe7 14. O-O Rd8
15. f4 Nec4 16. Qh5 g6 17. Qc5 Re8 18. Bd3 c6 19. Ra2 Be6 20. Re2 Qd8 21. f5
gxf5 22. Nxe6 Qxd3 23. Qxf5 fxe6 24. Qf7+ Kh8 25. Qf6+ Kg8 26. Bh6 Qd7 27. Ref2
1-0

[Event "Lloyds Bank Masters 14th"]
[Site "London"]
[Date "1990.08.22"]
[Round "5"]
[White "Liss, Eran"]
[Black "Ernst, Thomas"]
[Result "0-1"]
[WhiteElo "2280"]
[BlackElo "2440"]
[PlyCount "50"]
[EventDate "1990.08.18"]
[EventType "swiss"]
[EventRounds "10"]
[EventCountry "ENG"]
[SourceTitle "BritBase"]
[Source "John Saunders"]
[SourceDate "2023.05.21"]
[SourceVersion "1"]
[SourceVersionDate "2023.05.21"]
[SourceQuality "1"]

1. e4 c5 2. Nf3 d6 3. d4 cxd4 4. Nxd4 Nf6 5. Nc3 g6 6. Be3 Bg7 7. f3 O-O 8. Qd2
Nc6 9. Bc4 Bd7 10. O-O-O Ne5 11. Bb3 Rc8 12. h4 Nc4 13. Bxc4 Rxc4 14. g4 Qc7
15. h5 Rc8 16. hxg6 fxg6 17. Kb1 b5 18. Nd5 Nxd5 19. exd5 Be5 20. Bf2 Rf8 21.
Qg5 Rf7 22. Ne6 Bxe6 23. dxe6 Rxf3 24. Rd2 Rb4 25. c4 Bxb2 0-1

[Event "Lloyds Bank Masters 14th"]
[Site "London"]
[Date "1990.08.22"]
[Round "5"]
[White "Luce, Sebastien"]
[Black "Rashkovsky, Nukhim N"]
[Result "0-1"]
[WhiteElo "2415"]
[BlackElo "2530"]
[PlyCount "84"]
[EventDate "1990.08.18"]
[EventType "swiss"]
[EventRounds "10"]
[EventCountry "ENG"]
[SourceTitle "BritBase"]
[Source "John Saunders"]
[SourceDate "2023.05.21"]
[SourceVersion "1"]
[SourceVersionDate "2023.05.21"]
[SourceQuality "1"]

1. d4 Nf6 2. Nf3 e6 3. Bf4 b6 4. e3 Bb7 5. Nbd2 Be7 6. h3 O-O 7. c3 d5 8. Bd3
Ne4 9. Qc2 f5 10. Rf1 c5 11. Ne5 Nc6 12. Nxc6 Bxc6 13. Nf3 c4 14. Be2 b5 15.
Ne5 Be8 16. a3 a5 17. Bd1 b4 18. axb4 axb4 19. Rxa8 Qxa8 20. f3 b3 21. Qc1 Bh4+
22. Ke2 Ng3+ 23. Bxg3 Bxg3 24. f4 Bh4 25. Kd2 Qa2 26. Be2 Be7 27. Qa1 Ba4 28.
Nxc4 dxc4 29. Bxc4 Kf7 30. Qxa2 bxa2 31. Ra1 Bc6 32. g3 Ra8 33. Rxa2 Rxa2 34.
Bxa2 Bd5 35. b3 Bg2 36. h4 Bd5 37. Kd3 Ba3 38. c4 Be4+ 39. Kc3 Bc1 40. b4 Bxe3
41. b5 Bf2 42. b6 Bxg3 0-1

[Event "Lloyds Bank Masters 14th"]
[Site "London"]
[Date "1990.08.22"]
[Round "5"]
[White "Martin, Andrew D"]
[Black "Timoshchenko, Gennadi A"]
[Result "1/2-1/2"]
[WhiteElo "2415"]
[BlackElo "2495"]
[PlyCount "54"]
[EventDate "1990.08.18"]
[EventType "swiss"]
[EventRounds "10"]
[EventCountry "ENG"]
[SourceTitle "BritBase"]
[Source "John Saunders"]
[SourceDate "2023.05.21"]
[SourceVersion "1"]
[SourceVersionDate "2023.05.21"]
[SourceQuality "1"]

1. g3 g6 2. Bg2 Bg7 3. Nc3 c5 4. d3 Nc6 5. e4 d6 6. Nge2 e5 7. Nd5 Nge7 8. Bg5
h6 9. Bf6 O-O 10. Nxe7+ Nxe7 11. Bxg7 Kxg7 12. O-O Bg4 13. c3 Qd7 14. Qd2 d5
15. exd5 Nxd5 16. Rfe1 Rad8 17. Rad1 Rfe8 18. f3 Bh3 19. Nc1 Bxg2 20. Qxg2 Qf5
21. Rd2 Ne7 22. Rde2 Nc6 23. Re3 Re7 24. a3 a5 25. a4 Red7 26. Re4 Rd5 27. Qf2
Qd7 1/2-1/2

[Event "Lloyds Bank Masters 14th"]
[Site "London"]
[Date "1990.08.22"]
[Round "5"]
[White "Meister, Peter"]
[Black "Brynell, Stellan"]
[Result "0-1"]
[WhiteElo "2420"]
[BlackElo "2405"]
[PlyCount "64"]
[EventDate "1990.08.18"]
[EventType "swiss"]
[EventRounds "10"]
[EventCountry "ENG"]
[SourceTitle "BritBase"]
[Source "John Saunders"]
[SourceDate "2023.05.21"]
[SourceVersion "1"]
[SourceVersionDate "2023.05.21"]
[SourceQuality "1"]

1. d4 e6 2. c4 Nf6 3. Nf3 b6 4. g3 Ba6 5. Qb3 Nc6 6. Nbd2 Na5 7. Qc2 c5 8. e4
cxd4 9. e5 Ng4 10. h3 Nh6 11. Ne4 f5 12. exf6 gxf6 13. Nxd4 Nf7 14. b3 f5 15.
Nc3 Bb7 16. Rg1 Nc6 17. Be3 Bg7 18. O-O-O Qe7 19. Bg2 O-O-O 20. Kb1 Rhe8 21.
Nd5 Qf8 22. Nb5 Kb8 23. Ndc7 Re7 24. c5 a6 25. Nd6 Kxc7 26. cxb6+ Kb8 27. Nxb7
Rc8 28. Nc5 d5 29. Nxa6+ Kb7 30. Nc7 Nd6 31. a3 Qf6 32. Ka2 Rexc7 0-1

[Event "Lloyds Bank Masters 14th"]
[Site "London"]
[Date "1990.08.22"]
[Round "5"]
[White "Plaskett, H James"]
[Black "Naumkin, Igor"]
[Result "0-1"]
[WhiteElo "2445"]
[BlackElo "2445"]
[PlyCount "76"]
[EventDate "1990.08.18"]
[EventType "swiss"]
[EventRounds "10"]
[EventCountry "ENG"]
[SourceTitle "BritBase"]
[Source "John Saunders"]
[SourceDate "2023.05.21"]
[SourceVersion "1"]
[SourceVersionDate "2023.05.21"]
[SourceQuality "1"]

1. Nf3 Nf6 2. g3 d5 3. Bg2 c5 4. O-O Nc6 5. c4 d4 6. d3 e5 7. b4 cxb4 8. a3
bxa3 9. Qb3 Be7 10. Bxa3 O-O 11. Nbd2 Re8 12. Rfb1 Bxa3 13. Qxa3 h6 14. Rb5 Qc7
15. Ne1 Bg4 16. Ne4 Nxe4 17. Bxe4 Rad8 18. Rab1 Bc8 19. Nf3 a6 20. Rb6 f5 21.
Bd5+ Kh8 22. Qc5 Rd6 23. e3 dxe3 24. Qxe3 Rf6 25. d4 e4 26. Ne5 Nxe5 27. Rxf6
Nf3+ 28. Kg2 gxf6 29. Qxh6+ Qh7 30. Qxf6+ Qg7 31. Qd6 Nxd4 32. Rb6 Ne6 33. Qb8
Nc7 34. Bxb7 Bxb7 35. Qxb7 f4 36. Rb1 f3+ 37. Kg1 Ne6 38. Qc6 Rf8 {time} 0-1

[Event "Lloyds Bank Masters 14th"]
[Site "London"]
[Date "1990.08.22"]
[Round "5"]
[White "Rogers, Ian"]
[Black "Velickovic, Sasa"]
[Result "1-0"]
[WhiteElo "2535"]
[BlackElo "2415"]
[PlyCount "76"]
[EventDate "1990.08.18"]
[EventType "swiss"]
[EventRounds "10"]
[EventCountry "ENG"]
[SourceTitle "BritBase"]
[Source "John Saunders"]
[SourceDate "2023.05.21"]
[SourceVersion "1"]
[SourceVersionDate "2023.05.21"]
[SourceQuality "1"]

1. e4 c5 2. Nf3 e6 3. d4 cxd4 4. Nxd4 Nf6 5. Nc3 d6 6. f4 Be7 7. Be3 O-O 8. Qf3
e5 9. Nf5 Bxf5 10. exf5 Qa5 11. O-O-O Rc8 12. Nd5 Bd8 13. Kb1 Nc6 14. c3 exf4
15. Bxf4 Ne5 16. Nxf6+ Bxf6 17. Qd5 b5 18. g4 Qa4 19. Rd4 Nc4 20. Bxc4 bxc4 21.
Rd2 Rab8 22. Rc2 Rb5 23. Qxd6 Rd8 24. Qc7 Ra5 25. a3 h6 26. Re1 Rb5 27. Bc1
Qxa3 28. Qxc4 Qa6 29. Re4 Rc8 30. Qe2 Rxc3 31. Rxc3 Bxc3 32. Qc4 Be5 33. h4 Qa5
34. g5 Rc5 35. Qb3 hxg5 36. hxg5 Rb5 37. Qf3 g6 38. f6 Rc5 {time} 1-0

[Event "Lloyds Bank Masters 14th"]
[Site "London"]
[Date "1990.08.22"]
[Round "5"]
[White "Smagin, Sergey"]
[Black "Babu, N Sudhakar"]
[Result "1-0"]
[WhiteElo "2550"]
[BlackElo "2415"]
[PlyCount "81"]
[EventDate "1990.08.18"]
[EventType "swiss"]
[EventRounds "10"]
[EventCountry "ENG"]
[SourceTitle "BritBase"]
[Source "John Saunders"]
[SourceDate "2023.05.21"]
[SourceVersion "1"]
[SourceVersionDate "2023.05.21"]
[SourceQuality "1"]

1. e4 e5 2. Nf3 Nc6 3. Bb5 a6 4. Ba4 d6 5. O-O Bd7 6. c4 Nge7 7. d4 Ng6 8. Nc3
Be7 9. Be3 O-O 10. Rc1 Bg4 11. Bxc6 bxc6 12. h3 exd4 13. Bxd4 Be6 14. b3 c5 15.
Be3 f5 16. exf5 Rxf5 17. Nh2 Bg5 18. Qd2 Bf4 19. Rce1 Qd7 20. Ne2 Raf8 21. Nxf4
Nxf4 22. Bxf4 Rxf4 23. Re3 R4f6 24. f3 Bf7 25. Qa5 Ra8 26. Rfe1 Re6 27. Nf1 Kf8
28. Ng3 Rxe3 29. Rxe3 Qc6 30. Nf5 Re8 31. Qc3 Rxe3 32. Qxg7+ Ke8 33. Nxe3 Bg6
34. Qg8+ Kd7 35. Nd5 a5 36. f4 a4 37. f5 axb3 38. axb3 Be8 39. Qxh7+ Kd8 40.
Qe7+ Kc8 41. Nf6 1-0

[Event "Lloyds Bank Masters 14th"]
[Site "London"]
[Date "1990.08.22"]
[Round "5"]
[White "Suetin, Alexey S"]
[Black "Anagnostopoulos, Dimitrios"]
[Result "0-1"]
[WhiteElo "2360"]
[BlackElo "2400"]
[PlyCount "100"]
[EventDate "1990.08.18"]
[EventType "swiss"]
[EventRounds "10"]
[EventCountry "ENG"]
[SourceTitle "BritBase"]
[Source "John Saunders"]
[SourceDate "2023.05.21"]
[SourceVersion "1"]
[SourceVersionDate "2023.05.21"]
[SourceQuality "1"]

1. e4 g6 2. d4 Bg7 3. c4 d6 4. Nc3 Nf6 5. f3 O-O 6. Be3 e5 7. d5 c6 8. Qd2 cxd5
9. cxd5 a6 10. Bd3 Ne8 11. O-O-O f5 12. Kb1 Nd7 13. Nge2 b5 14. Nc1 Nc5 15. Bc2
Bd7 16. Nd3 Rc8 17. Nb4 Kh8 18. h4 f4 19. Bf2 h6 20. Rc1 Nf6 21. Rhd1 Qe7 22.
Nd3 Rfd8 23. Rg1 a5 24. Ne2 Be8 25. g3 Ncxe4 26. fxe4 Nxe4 27. Qe1 f3 28. Nc3
Nxc3+ 29. bxc3 Qf7 30. Bb6 Qxd5 31. Rd1 Rd7 32. Nc5 Qc6 33. Nxd7 Bxd7 34. Bxa5
Be6 35. Qe3 Ra8 36. Qb6 Qc4 37. Bb3 Qe4+ 38. Bc2 Qc4 39. Bb3 Qe4+ 40. Kb2 Qe2+
41. Bc2 b4 42. Rge1 Qc4 43. Bxb4 Rxa2+ 44. Kc1 h5 45. Qd8+ Kh7 46. Qe7 f2 47.
Bxd6 fxe1=Q 48. Rxe1 Ra1+ 49. Kd2 Qd5+ 50. Bd3 Bf5 0-1

[Event "Lloyds Bank Masters 14th"]
[Site "London"]
[Date "1990.08.22"]
[Round "5"]
[White "Wood, David A"]
[Black "Czerwonski, Aleksander"]
[Result "1-0"]
[WhiteElo "2250"]
[BlackElo "2365"]
[PlyCount "93"]
[EventDate "1990.08.18"]
[EventType "swiss"]
[EventRounds "10"]
[EventCountry "ENG"]
[SourceTitle "BritBase"]
[Source "John Saunders"]
[SourceDate "2023.05.21"]
[SourceVersion "1"]
[SourceVersionDate "2023.05.21"]
[SourceQuality "1"]

1. e4 c6 2. d4 d5 3. Nd2 dxe4 4. Nxe4 Nf6 5. Nxf6+ gxf6 6. c3 Bf5 7. Ne2 Nd7 8.
Ng3 Bg6 9. h4 h5 10. Be2 Qa5 11. b4 Qc7 12. Nxh5 e5 13. Ng3 O-O-O 14. h5 Bh7
15. Be3 Bd6 16. O-O Rhg8 17. Bg4 exd4 18. Qxd4 c5 19. bxc5 Be5 20. Qb4 a5 21.
Qa4 Bxg3 22. fxg3 Qxg3 23. Bf3 Ne5 24. Qf4 Rd3 25. Qxg3 Rxg3 26. Kf2 Rg8 27.
Rac1 Rd7 28. Ra1 f5 29. Bd4 Nd3+ 30. Kg1 f4 31. c6 bxc6 32. Bxc6 Re7 33. Bf3
Bf5 34. Rad1 a4 35. a3 Kc7 36. Rd2 Ne1 37. Kf2 Nc2 38. Bc5 Re3 39. Rxc2 Rxf3+
40. Kxf3 Bxc2 41. Kxf4 f5 42. Rf2 Be4 43. h6 Rh8 44. Kg5 Kc6 45. Bd4 Rg8+ 46.
Bg7 Kd5 47. Rf4 1-0

[Event "Lloyds Bank Masters 14th"]
[Site "London"]
[Date "1990.08.22"]
[Round "5"]
[White "Yeo, Michael J"]
[Black "Ledger, Andrew"]
[Result "0-1"]
[WhiteElo "2230"]
[BlackElo "2350"]
[PlyCount "58"]
[EventDate "1990.08.18"]
[EventType "swiss"]
[EventRounds "10"]
[EventCountry "ENG"]
[SourceTitle "BritBase"]
[Source "John Saunders"]
[SourceDate "2023.05.21"]
[SourceVersion "1"]
[SourceVersionDate "2023.05.21"]
[SourceQuality "1"]

1. e4 c6 2. d4 d5 3. Nc3 g6 4. e5 h5 5. f4 Nh6 6. Nf3 Bg4 7. h3 Bxf3 8. Qxf3
Nf5 9. Be3 e6 10. O-O-O Qa5 11. Bd3 h4 12. g4 hxg3 13. Bxf5 gxf5 14. Qxg3 b5
15. Kb1 Nd7 16. Rd3 Nb6 17. Nd1 Nc4 18. Bf2 Rb8 19. Be1 b4 20. h4 Rb6 21. a3
Qa4 22. Bxb4 Bxb4 23. axb4 Ra6 24. Ra3 Nxa3+ 25. bxa3 Qxa3 26. Qxa3 Rxa3 27. c3
a5 28. bxa5 Rxa5 29. Ne3 O-O 0-1